Catálogo de la Biblioteca Horacio González - Universidad Nacional de General Sarmiento

Iniciación al estudio didáctico de la geometría : (Registro nro. 20057)

Detalles MARC
000 -CABECERA
campo de control de longitud fija 01186nam a22003250a 4500
001 - NÚMERO DE CONTROL
campo de control PT26888
003 - IDENTIFICADOR DEL NÚMERO DE CONTROL
campo de control AR-LpoUNG
005 - FECHA Y HORA DE LA ÚLTIMA TRANSACCIÓN
campo de control 20210131233323.0
008 - DATOS DE LONGITUD FIJA--INFORMACIÓN GENERAL
campo de control de longitud fija 191001s2005||||ag |||||||||||||||||spa d
020 ## - NÚMERO INTERNACIONAL ESTÁNDAR DEL LIBRO
Número Internacional Estándar del Libro 9871081723
Condiciones de disponibilidad $5.75
040 ## - FUENTE DE LA CATALOGACIÓN
Centro catalogador/agencia de origen AR-LpoUNG
Lengua de catalogación spa
Centro/agencia transcriptor AR-LpoUNG
Normas de descripción aacr
041 ## - CÓDIGO DE LENGUA
Código de lengua del texto/banda sonora o título independiente spa
044 ## - CÓDIGO DEL PAÍS DE LA ENTIDAD EDITORA/PRODUCTORA
Código MARC del país ag
082 0# - NÚMERO DE LA CLASIFICACIÓN DECIMAL DEWEY
Número de clasificación 372.004 7 88ini
100 1# - ENTRADA PRINCIPAL--NOMBRE DE PERSONA
Nombre de persona Itzcovich, Horacio
245 10 - MENCIÓN DE TÍTULO
Título Iniciación al estudio didáctico de la geometría :
Resto del título de las construcciones a las demostraciones
250 ## - MENCIÓN DE EDICIÓN
Mención de edición 1§ ed.
260 ## - PUBLICACIÓN, DISTRIBUCIÓN, ETC.
Lugar de publicación, distribución, etc. Buenos Aires :
Nombre del editor, distribuidor, etc. Libros del Zorzal,
Fecha de publicación, distribución, etc. 2005.
300 ## - DESCRIPCIÓN FÍSICA
Extensión 123 p. :
Otras características físicas gráfs.
520 ## - SUMARIO, ETC.
Sumario, etc. Invita a pensar los problemas didácticos que plantea la enseñanza de la geometría cuando sitúa como núcleo fundamental la construcción por parte de los estudiantes de herramientas que les permitan actuar sobre una porción de la realidad a través del sistema conceptual que ofrece una disciplina científica.
650 #4 - PUNTO DE ACCESO ADICIONAL DE MATERIA--TÉRMINO DE MATERIA
Término de materia o nombre geográfico como elemento de entrada APRENDIZAJE
650 #4 - PUNTO DE ACCESO ADICIONAL DE MATERIA--TÉRMINO DE MATERIA
Término de materia o nombre geográfico como elemento de entrada DIDACTICA
650 #4 - PUNTO DE ACCESO ADICIONAL DE MATERIA--TÉRMINO DE MATERIA
Término de materia o nombre geográfico como elemento de entrada EDUCACION
650 #4 - PUNTO DE ACCESO ADICIONAL DE MATERIA--TÉRMINO DE MATERIA
Término de materia o nombre geográfico como elemento de entrada ENSEÑANZA
650 #4 - PUNTO DE ACCESO ADICIONAL DE MATERIA--TÉRMINO DE MATERIA
Término de materia o nombre geográfico como elemento de entrada MATEMATICAS
651 #4 - PUNTO DE ACCESO ADICIONAL DE MATERIA--NOMBRE GEOGRÁFICO
Nombre geográfico DOCUMENTOS TEORICOS O METODOLOGICOS
653 ## - TÉRMINO DE INDIZACIÓN--NO CONTROLADO
Término no controlado GEOMETRIA
905 ## - ELEMENTOS DE DATOS E LOCAL, LDE (RLIN)
a 26888
942 ## - ELEMENTOS DE PUNTO DE ACCESO ADICIONAL (KOHA)
Tipo de ítem Koha Libro
Existencias
Estado de retiro Estado de pérdida Estado dañado No para préstamo Código de colección Localización permanente Ubicación/localización actual Fecha de adquisición Total de préstamos Signatura topográfica completa Código de barras Fecha visto por última vez Precio válido a partir de Tipo de ítem Koha Fuente del sistema de clasificación o colocación En préstamo Fecha del último préstamo
        Colección General Biblioteca Universidad Nacional de General Sarmiento Biblioteca Universidad Nacional de General Sarmiento 31/01/2021   372.004 7 88ini 00029606 31/01/2021 31/01/2021 Libro      
        Colección General Biblioteca Universidad Nacional de General Sarmiento Biblioteca Universidad Nacional de General Sarmiento 31/01/2021   372.004 7 88ini 00040364 31/01/2021 31/01/2021 Libro      
        Colección General Biblioteca Universidad Nacional de General Sarmiento Biblioteca Universidad Nacional de General Sarmiento 31/01/2021   372.004 7 88ini 00040366 31/01/2021 31/01/2021 Libro      
        Colección General Biblioteca Universidad Nacional de General Sarmiento Biblioteca Universidad Nacional de General Sarmiento 31/01/2021 1 372.004 7 88ini 00041126 04/01/2024 31/01/2021 Libro Dewey Decimal Classification 09/11/2015 04/01/2024
        Colección General Biblioteca Universidad Nacional de General Sarmiento Biblioteca Universidad Nacional de General Sarmiento 31/01/2021   372.004 7 88ini S00040365 31/01/2021 31/01/2021 Lectura en Sala